书目信息 |
| 题名: |
保险从业人员的职业论理
|
|
| 作者: | ;王珺 译 ;迪尔伯恩金融服务公司 主编 | |
| 分册: | ||
| 出版信息: | 北京 中国人民大学出版社 2005 |
|
| 页数: | ||
| 开本: | 26cm | |
| 丛书名: | ||
| 单 册: | ||
| 中图分类: | F840.3 | |
| 科图分类: | ||
| 主题词: | 保险 | |
| 电子资源: | ||
| ISBN: | 7-300-06879-0 | |
| 000 | 00683nam0 2200205 450 | |
| 001 | 0754114953 | |
| 005 | 20070929150154.95 | |
| 010 | @a7-300-06879-0 | |
| 100 | @a20070929d km y0chiy0120 ea | |
| 101 | 0 | @achi |
| 200 | 1 | @a保险从业人员的职业论理@Abao xian cong ye ren yuan de zhi ye lun li@f迪尔伯恩金融服务公司 主编@Fdi er bo en jin rong fu wu gong si zhu bian@g王珺 译@Gwang jun yi |
| 205 | @a3版 | |
| 210 | @a北京@c中国人民大学出版社@d2005 | |
| 215 | @d26cm | |
| 606 | 0 | @a保险 |
| 690 | @aF840.3@v3 | |
| 702 | 0 | @a王珺@Awang jun@4译 |
| 711 | 02 | @a迪尔伯恩金融服务公司@Adi er bo en jin rong fu wu gong si@4主编 |
| 801 | 0 | @aCN@bPFT@c20070929 |
| 905 | @a213230@dF840.3@eh13=3@f1 | |
| 保险从业人员的职业论理/迪尔伯恩金融服务公司 主编/王珺 译.-3版.-北京:中国人民大学出版社,2005 |
| 26cm |
| ISBN 7-300-06879-0: |
| ● |
| 相关链接 |
|
|
|
|
正题名:保险从业人员的职业论理
索取号:F840.3/h13=3
 
预约/预借
| 序号 | 登录号 | 条形码 | 馆藏地/架位号 | 状态 | 备注 |
| 1 | 6002587 | 260025877 | 密集书库-化学系/ [索取号:F840.3/h13=3] | 在馆 |